[Event "V Torneo C Primavera Vomero"]
[Site "Napoli ITA"]
[Date "2008.05.15"]
[Round "7"]
[White "Irollo, Francesco"]
[Black "Gatta, Ferdinando"]
[Result "0-1"]
[WhiteElo "1482"]
[BlackElo "1549"]
[PlyCount "66"]
[EventDate "2008.03.27"]

1. e4 c6 2. Nf3 d5 3. e5 Bg4 4. d4 e6 5. Be2 Ne7 6. Bg5 Qa5+ 7. Qd2 Qb6 8. c3
Nf5 9. Nh4 Bxe2 10. Nxf5 exf5 11. Qxe2 c5 12. dxc5 Bxc5 13. O-O O-O 14. b4 Qg6
15. Be3 Bxe3 16. Qxe3 Re8 17. Qc5 Nc6 18. Qxd5 Rxe5 19. Qd7 Re7 20. Qd3 Rae8
21. Na3 Ne5 22. Qb5 Nf3+ 23. Kh1 Nd2 24. Rfd1 Ne4 25. Rf1 Nxc3 26. Qc5 Ne4 27.
Qxa7 Nd2 28. Rfd1 Re2 29. Qa4 Qe6 30. Rg1 Ne4 31. Rgc1 Nxf2+ 32. Kg1 Nh3+ 33.
gxh3 Qe3+ 0-1

[Event "V Torneo B Primavera Vomero"]
[Site "Napoli ITA"]
[Date "2008.03.27"]
[Round "1"]
[White "Borrelli, Salvatore"]
[Black "Miccoli, Livio"]
[Result "1-0"]
[WhiteElo "1713"]
[BlackElo "1574"]
[PlyCount "91"]
[EventDate "2008.03.27"]

1. f4 Nf6 2. Nf3 b6 3. d3 Bb7 4. e4 d6 5. Be2 Nbd7 6. O-O e5 7. Qe1 g6 8. fxe5
dxe5 9. Bg5 Bc5+ 10. Kh1 h6 11. Qh4 Be7 12. Nxe5 Nxe5 13. Bxf6 g5 14. Bxe7 Qxe7
15. Qf2 O-O 16. Qf6 Qe6 17. Qxe6 fxe6 18. Nd2 Ng6 19. Bg4 e5 20. g3 Kg7 21. Kg1
Rxf1+ 22. Rxf1 Rf8 23. Rxf8 Nxf8 24. Nc4 Kf6 25. Bf5 Ne6 26. Bxe6 Kxe6 27. Ne3
h5 28. Kf2 Kf6 29. h3 Bc6 30. Kf3 Ke6 31. Nf5 Kf6 32. Ke3 g4 33. hxg4 hxg4 34.
c3 Bd7 35. Nh4 Be6 36. a3 a5 37. d4 c6 38. dxe5+ Kxe5 39. Ng2 c5 40. Ne1 Bc4
41. Nd3+ Ke6 42. Nf2 Bf1 43. Nxg4 Bh3 44. Kf4 Bf1 45. Ne3 Be2 46. g4 1-0

[Event "V Torneo B Primavera Vomero"]
[Site "Napoli ITA"]
[Date "2008.03.27"]
[Round "1"]
[White "Caporali, Dante"]
[Black "Capaldo, Salvatore"]
[Result "0-1"]
[WhiteElo "1646"]
[BlackElo "1493"]
[PlyCount "74"]
[EventDate "2008.03.27"]

1. d4 d5 2. c4 c6 3. Nf3 Nf6 4. Nc3 e6 5. Bg5 Be7 6. e3 h6 7. Bh4 Nbd7 8. Rc1
a6 9. Bd3 Nb6 10. cxd5 cxd5 11. O-O Nbd7 12. Qc2 b5 13. a3 Bb7 14. Qe2 Rc8 15.
h3 O-O 16. Bb1 Ne8 17. Bxe7 Qxe7 18. Qd3 f5 19. Ne2 Nd6 20. Nd2 Nc4 21. Nxc4
bxc4 22. Qd2 Nf6 23. Nf4 Qf7 24. Ne2 Bc6 25. Nc3 Ne4 26. Nxe4 fxe4 27. Rc3 Rb8
28. Ba2 Ba4 29. Rb1 Rb5 30. b3 cxb3 31. Bxb3 Qb7 32. Qc2 Rb8 33. Bxa4 Rxb1+ 34.
Kh2 Rf8 35. Rc7 Qb8 36. Bd7 Kh8 37. Bxe6 Rb7 0-1

[Event "V Torneo B Primavera Vomero"]
[Site "Napoli ITA"]
[Date "2008.03.27"]
[Round "1"]
[White "De Meo, Guido"]
[Black "Parise, Mariano"]
[Result "1/2-1/2"]
[WhiteElo "1778"]
[BlackElo "1604"]
[PlyCount "56"]
[EventDate "2008.03.27"]

1. d4 d5 2. c4 e6 3. Nf3 Nf6 4. g3 b6 5. Bg2 Bb7 6. Nc3 Nbd7 7. O-O Be7 8. b3
O-O 9. Bb2 c5 10. e3 Rc8 11. cxd5 Nxd5 12. Nb5 a6 13. Na3 b5 14. Qe2 Qa5 15.
Qe1 Qxe1 16. Rfxe1 c4 17. bxc4 bxc4 18. Nc2 a5 19. a3 c3 20. Bc1 Ba6 21. e4
N5f6 22. Bf1 Bxf1 23. Kxf1 Rb8 24. Re2 Rb3 25. Bf4 Nh5 26. Be3 Rfb8 27. Nfe1
Nhf6 28. Bf4 28... R8b6 {...} 1/2-1/2

[Event "V Torneo B Primavera Vomero"]
[Site "Napoli ITA"]
[Date "2008.03.27"]
[Round "1"]
[White "Di Gennaro, Antonio"]
[Black "Esposito, Rosario"]
[Result "0-1"]
[WhiteElo "1646"]
[BlackElo "1880"]
[PlyCount "114"]
[EventDate "2008.03.27"]

1. e4 c5 2. Nf3 e6 3. d4 cxd4 4. Nxd4 Nc6 5. Nc3 a6 6. Be3 Qc7 7. Be2 Nf6 8. a3
Be7 9. f4 d6 10. g4 b5 11. g5 Nd7 12. O-O Bb7 13. f5 Nxd4 14. Qxd4 e5 15. Qd2
Nb6 16. f6 gxf6 17. gxf6 Rg8+ 18. Kh1 Nc4 19. Bxc4 Qxc4 20. Qd3 Qxd3 21. cxd3
Bf8 22. Nd5 Bxd5 23. exd5 Rc8 24. Rac1 Kd7 25. Rxc8 Kxc8 26. Rc1+ Kb7 27. Bd2
Rg6 28. Rf1 Bh6 29. Bxh6 Rxh6 30. Rf3 Rg6 31. h3 Kb6 32. b4 a5 33. Kh2 a4 34.
Kh1 Kc7 35. Kh2 Kd7 36. Kh1 Rg8 37. Re3 Rg6 38. Rf3 Rh6 39. Kg2 Rg6+ 40. Kh2
Ke8 41. Kh1 Kf8 42. Kh2 h6 43. Rf5 Kg8 44. Rf3 Kh7 45. Rf5 Rg5 46. Rf3 Kg6 47.
Rf1 Rf5 48. Rg1+ Kxf6 49. Rg8 Rf3 50. Rb8 Rxd3 51. Rxb5 Rxa3 52. Ra5 e4 53. Kg2
Ke5 54. Ra7 f5 55. b5 Ra2+ 56. Kf1 Rb2 57. Rb7 a3 0-1

[Event "V Torneo B Primavera Vomero"]
[Site "Napoli ITA"]
[Date "2008.03.27"]
[Round "1"]
[White "Giglio, Achille"]
[Black "Lombardo, Claudio"]
[Result "0-1"]
[WhiteElo "1597"]
[BlackElo "1736"]
[PlyCount "118"]
[EventDate "2008.03.27"]

1. e4 c5 2. Nf3 e6 3. d3 Nc6 4. Nc3 d6 5. Be2 Nf6 6. O-O Be7 7. b3 a6 8. Bb2
O-O 9. Nd2 Nd4 10. f4 Qc7 11. Rc1 b5 12. Ncb1 Nxe2+ 13. Qxe2 Bb7 14. Nf3 Rac8
15. Nbd2 Nd7 16. e5 Qb6 17. Kh1 d5 18. c4 d4 19. Ne4 Ra8 20. Ra1 b4 21. Nfd2
Qc6 22. Rf3 f5 23. Ng5 Bxg5 24. fxg5 Qc7 25. Rh3 g6 26. Re1 a5 27. Nf3 Bxf3 28.
gxf3 a4 29. f4 Qb7+ 30. Kg1 axb3 31. axb3 Ra2 32. Rb1 Rfa8 33. Rf3 Nb8 34. Rff1
Nc6 35. h4 Na5 36. Qc2 Nc6 37. Qd1 Ne7 38. Kf2 R8a3 39. Kg3 Ra8 40. Rh1 R8a7
41. h5 gxh5 42. Qxh5 Nc6 43. Rh2 Qg7 44. Qf3 Qb7 45. Qd1 Qg7 46. Rh1 Qb7 47.
Qc1 Qa8 48. Rh6 Rg7 49. Qc2 Qb7 50. Rbh1 Ra7 51. Bc1 Qa8 52. Bd2 Ra2 53. Qd1
Qb7 54. R6h2 Ra7 55. Qe2 Ra2 56. Rb1 Qa7 57. Rhh1 Qb7 58. Ra1 Qa8 59. Qf2 Rxa1
0-1

[Event "V Torneo B Primavera Vomero"]
[Site "Napoli ITA"]
[Date "2008.03.27"]
[Round "1"]
[White "Solombrino, Giovanni"]
[Black "Parente, Giuseppe"]
[Result "1/2-1/2"]
[WhiteElo "1524"]
[BlackElo "1676"]
[PlyCount "79"]
[EventDate "2008.03.27"]

1. e4 c6 2. d4 d5 3. Nc3 dxe4 4. Nxe4 Bf5 5. Ng3 Bg6 6. h4 h6 7. Nf3 e6 8. Ne5
Bh7 9. Be3 Nf6 10. Bd3 Bxd3 11. Qxd3 Nbd7 12. Nxd7 Qxd7 13. O-O-O Qd5 14. Qb3
Qxb3 15. axb3 Bd6 16. Ne2 O-O-O 17. Nc3 b6 18. f3 Rhe8 19. Ne4 Nd5 20. Nxd6+
Rxd6 21. Rhe1 Red8 22. c3 Nxe3 23. Rxe3 c5 24. Red3 Rd5 25. Kc2 g5 26. dxc5
bxc5 27. hxg5 hxg5 28. c4 Rd4 29. Rxd4 Rxd4 30. Rxd4 cxd4 31. Kd3 e5 32. b4 a6
33. g4 Kc7 34. Ke4 Kc6 35. b3 f6 36. Kd3 Kd6 37. Ke4 Kc6 38. c5 Kd7 39. Kd3 Kc7
40. Kd2 1/2-1/2

[Event "V Torneo B Primavera Vomero"]
[Site "Napoli ITA"]
[Date "2008.04.03"]
[Round "2"]
[White "Capaldo, Salvatore"]
[Black "De Meo, Guido"]
[Result "0-1"]
[WhiteElo "1493"]
[BlackElo "1778"]
[PlyCount "80"]
[EventDate "2008.03.27"]

1. e4 c5 2. Nf3 d6 3. d4 cxd4 4. Nxd4 Nf6 5. Nc3 a6 6. Be2 e5 7. Nf3 b5 8. a3
Bb7 9. Bg5 Nbd7 10. O-O Be7 11. Bxf6 Nxf6 12. Nd2 O-O 13. Bf3 Qc7 14. Qe2 Rac8
15. Nb3 Rfd8 16. Rfd1 Qb6 17. Rac1 h6 18. g3 Rc4 19. Nd2 Rc7 20. Bg2 Rdc8 21.
Bh3 Rd8 22. Bg2 Bc6 23. Nf1 Qb7 24. Rd3 b4 25. axb4 Qxb4 26. b3 Bb7 27. Qe1 a5
28. Na2 Qxe1 29. Rxe1 Rxc2 30. Nc3 Bf8 31. Ne3 Rb2 32. Ncd5 Nd7 33. Nf5 Nc5 34.
Rc3 Bxd5 35. exd5 Rxb3 36. Rc2 a4 37. Ra1 g6 38. Ne3 Bg7 39. Nc4 e4 40. Na5
Bxa1 0-1

[Event "V Torneo B Primavera Vomero"]
[Site "Napoli ITA"]
[Date "2008.04.03"]
[Round "2"]
[White "Esposito, Rosario"]
[Black "Lombardo, Claudio"]
[Result "1/2-1/2"]
[WhiteElo "1880"]
[BlackElo "1736"]
[PlyCount "49"]
[EventDate "2008.03.27"]

1. d4 Nf6 2. c4 e6 3. Nc3 d5 4. Bg5 c6 5. e3 Be7 6. Nf3 Nbd7 7. Qc2 dxc4 8.
Bxc4 Nb6 9. Bd3 h6 10. Bh4 Nbd5 11. O-O Nb4 12. Qd2 Nxd3 13. Qxd3 b6 14. Ne5
Bb7 15. Rfd1 Rc8 16. Rac1 O-O 17. a3 Nd7 18. Bxe7 Qxe7 19. Nxd7 Qxd7 20. b4
Rfd8 21. Qe2 Qe7 22. Nb1 Qg5 23. Qf3 Rc7 24. Qg3 Qe7 25. Nc3 1/2-1/2

[Event "V Torneo B Primavera Vomero"]
[Site "Napoli ITA"]
[Date "2008.04.10"]
[Round "3"]
[White "De Meo, Guido"]
[Black "Esposito, Rosario"]
[Result "1-0"]
[WhiteElo "1778"]
[BlackElo "1880"]
[PlyCount "77"]
[EventDate "2008.03.27"]

1. c4 Nf6 2. Nc3 g6 3. g3 Bg7 4. Bg2 c5 5. Nh3 Nc6 6. Nf4 d6 7. O-O O-O 8. a3
Bd7 9. Rb1 Rb8 10. b4 cxb4 11. axb4 a6 12. b5 axb5 13. Nxb5 Ne5 14. d3 Bc6 15.
e4 Bd7 16. Qb3 Nc6 17. Bd2 Ne8 18. Bc3 Na5 19. Qb2 e5 20. Nd5 Nc6 21. Rfe1 Ne7
22. Nxe7+ Qxe7 23. Qa3 Bxb5 24. Rxb5 Nc7 25. Rb6 Rfd8 26. Reb1 Na6 27. Ba5 Nc5
28. Bf1 Qd7 29. R6b5 Rdc8 30. Qb4 Bf8 31. Qd2 Rc6 32. Bb6 Qc8 33. Ba7 Ra8 34.
Bxc5 dxc5 35. Rxb7 Rca6 36. Qb2 Bd6 37. h4 Ra2 38. Qc1 Qg4 39. Qe3 {...} 1-0

[Event "V Torneo B Primavera Vomero"]
[Site "Napoli ITA"]
[Date "2008.04.10"]
[Round "3"]
[White "Lombardo, Claudio"]
[Black "Parente, Giuseppe"]
[Result "0-1"]
[WhiteElo "1736"]
[BlackElo "1676"]
[PlyCount "66"]
[EventDate "2008.03.27"]

1. d4 e6 2. c4 Bb4+ 3. Nc3 c5 4. e3 Nf6 5. Bd2 d6 6. Nf3 O-O 7. Be2 a6 8. Qc2
d5 9. O-O Nc6 10. dxc5 Bxc5 11. a3 dxc4 12. Bxc4 Bd6 13. Rac1 b5 14. Be2 Bb7
15. b4 Rc8 16. Qb2 Ne5 17. Nd4 Nc4 18. Bxc4 Rxc4 19. Nce2 Bd5 20. Rfe1 Qc7 21.
Ng3 Bxg3 22. hxg3 Qb7 23. f3 Rfc8 24. Rxc4 Bxc4 25. Kf2 Rd8 26. Bc3 Nd5 27. Nb3
Bxb3 28. Qxb3 Rc8 29. Bd4 Rc4 30. Qb2 Qc7 31. Re2 f6 32. Bc5 Nc3 33. Rc2 Nd1+
0-1

[Event "V Torneo B Primavera Vomero"]
[Site "Napoli ITA"]
[Date "2008.05.08"]
[Round "6"]
[White "Parente, Giuseppe"]
[Black "Borrelli, Salvatore"]
[Result "1-0"]
[WhiteElo "1676"]
[BlackElo "1713"]
[PlyCount "69"]
[EventDate "2008.03.27"]

1. Nf3 f5 2. g3 Nf6 3. Bg2 d6 4. c4 e5 5. d3 Be7 6. Nc3 O-O 7. O-O Qe8 8. Qb3
Kh8 9. c5 Na6 10. cxd6 Bxd6 11. Bg5 Nc5 12. Qc2 c6 13. Bxf6 Rxf6 14. Nd2 Ne6
15. Nc4 Be7 16. e3 Qh5 17. Qd1 Qxd1 18. Raxd1 Bd7 19. b4 b5 20. Nd2 Rc8 21. Nb3
Bd6 22. d4 e4 23. Nc5 Rf7 24. f3 exf3 25. Bxf3 Ng5 26. Bg2 Bxc5 27. dxc5 Re8
28. h4 Rxe3 29. hxg5 Rxc3 30. Bxc6 Rxg3+ 31. Kh2 Rxg5 32. Bxd7 Rf6 33. Rf3 Rh6+
34. Rh3 Rxh3+ 35. Kxh3 1-0

[Event "V Torneo B Primavera Vomero"]
[Site "Napoli ITA"]
[Date "2008.05.15"]
[Round "7"]
[White "De Meo, Guido"]
[Black "Caporali, Dante"]
[Result "1-0"]
[WhiteElo "1778"]
[BlackElo "1646"]
[PlyCount "81"]
[EventDate "2008.03.27"]

1. d4 Nf6 2. c4 g6 3. Nc3 d5 4. Nf3 Bg7 5. g3 O-O 6. Bg2 c6 7. O-O Bf5 8. Nh4
Be6 9. cxd5 Nxd5 10. Ne4 Na6 11. Ng5 Bd7 12. e4 Nb6 13. e5 h6 14. Ne4 Be6 15.
Nf3 Nd5 16. Bd2 Qd7 17. Re1 Rac8 18. Rc1 Ndb4 19. Bxb4 Nxb4 20. Nc5 Qc7 21.
Nxe6 fxe6 22. Bh3 Qd7 23. Nh4 Kh7 24. a3 Nd5 25. Qd3 Qe8 26. Bxe6 Rd8 27. Re4
Nc7 28. Bb3 e6 29. Rg4 Kg8 30. Nxg6 Rf5 31. Nf4 Rxe5 32. Bc2 Rf5 33. Nxe6 Qxe6
34. Qxf5 Qxf5 35. Bxf5 Nd5 36. Re1 Kf8 37. Rge4 Nf6 38. Re7 Re8 39. R7e5 Rxe5
40. dxe5 Nd5 41. Bc8 1-0

[Event "V Torneo B Primavera Vomero"]
[Site "Napoli ITA"]
[Date "2008.05.15"]
[Round "7"]
[White "Giglio, Achille"]
[Black "Solombrino, Giovanni"]
[Result "0-1"]
[WhiteElo "1597"]
[BlackElo "1524"]
[PlyCount "118"]
[EventDate "2008.03.27"]

1. e4 c5 2. Nf3 Nc6 3. d4 cxd4 4. Nxd4 g6 5. c3 Bg7 6. Nxc6 bxc6 7. Be3 Nf6 8.
f3 O-O 9. Nd2 Bb7 10. Be2 d5 11. exd5 cxd5 12. O-O e5 13. Nb3 Bc6 14. a4 Nd7
15. a5 a6 16. Qc2 Re8 17. Rfd1 Qe7 18. Bf2 Bb7 19. Re1 Rac8 20. Qd1 f5 21. Bf1
Qd8 22. Kh1 Qc7 23. Bg3 Qd8 24. Bf2 Qc7 25. Rc1 Bf8 26. Re2 Bc6 27. Ra1 Qb7 28.
Rd2 Bh6 29. Re2 Bb5 30. Re1 Bxf1 31. Rxf1 e4 32. Bd4 Rb8 33. Nc5 Nxc5 34. Bxc5
Qb3 35. Qxb3 Rxb3 36. Rab1 e3 37. Rfe1 f4 38. Re2 Reb8 39. h3 Bg7 40. Bd6 Re8
41. Bxf4 Bxc3 42. Rd1 Bd2 43. Rdxd2 exd2 44. Rxe8+ Kf7 45. Bxd2 Kxe8 46. Bc3
Kd7 47. Kg1 Rb8 48. Kf2 Re8 49. Bd4 Kc6 50. b4 Kb5 51. Bc5 Kc4 52. g4 d4 53. f4
d3 54. Be3 Kxb4 55. Bd2+ Kb3 56. Be3 Kc2 57. f5 gxf5 58. gxf5 Rxe3 59. Kxe3 d2
0-1

[Event "V Torneo A Primavera Vomero"]
[Site "Napoli ITA"]
[Date "2008.03.27"]
[Round "1"]
[White "Caiazzo, Diego"]
[Black "Ricci, Giuseppe"]
[Result "0-1"]
[WhiteElo "2060"]
[BlackElo "1935"]
[PlyCount "106"]
[EventDate "2008.03.27"]

1. d4 d5 2. Nf3 Nf6 3. Bg5 Nbd7 4. e3 c6 5. c4 Qa5+ 6. Qd2 Qxd2+ 7. Nbxd2 e6 8.
Be2 Be7 9. O-O O-O 10. Rac1 Re8 11. a3 a5 12. Rfd1 b6 13. cxd5 cxd5 14. Rc2 Ba6
15. Bxa6 Rxa6 16. Rdc1 Raa8 17. h3 Bf8 18. Bf4 b5 19. Ne5 Nxe5 20. Bxe5 Nd7 21.
Bg3 Nb6 22. Rc6 Nc4 23. Nxc4 bxc4 24. Rb6 a4 25. f3 g6 26. Rc2 Rec8 27. Be1
Rcb8 28. Rxb8 Rxb8 29. Bc3 Rb3 30. e4 h5 31. exd5 exd5 32. Kf2 Kg7 33. Bd2 Bd6
34. Bc1 Bc7 35. Rc3 Kf6 36. Rxb3 axb3 37. Bd2 Bd6 38. a4 Ke6 39. g4 hxg4 40.
fxg4 Ba3 41. Bc3 Be7 42. Kf3 g5 43. Ke3 Kd7 44. Kd2 Kc6 45. Ba5 Kb7 46. Kc3 Bd6
47. Kd2 Bc7 48. Bb4 Ka6 49. Kd1 Bb6 50. Bc3 Ba5 51. Kd2 Bxc3+ 52. Kxc3 Ka5 53.
Kd2 Kxa4 0-1

[Event "V Torneo A Primavera Vomero"]
[Site "Napoli ITA"]
[Date "2008.03.27"]
[Round "1"]
[White "De Rosa, Francesco"]
[Black "Pinto, Gaetano"]
[Result "1-0"]
[WhiteElo "1935"]
[BlackElo "2061"]
[PlyCount "61"]
[EventDate "2008.03.27"]

1. d4 d5 2. c4 c6 3. Nf3 Nf6 4. Nc3 e6 5. Bg5 h6 6. Bh4 dxc4 7. e4 g5 8. Bg3 b5
9. Be2 Bb7 10. h4 g4 11. Ne5 h5 12. Qc2 Qxd4 13. Rd1 Qc5 14. Qd2 Be7 15. O-O b4
16. Na4 Qa5 17. b3 c3 18. Qf4 Ba6 19. Bxa6 Qxa6 20. Nxf7 Kxf7 21. e5 c2 22.
exf6 Bxf6 23. Rd6 Qb5 24. f3 Qf5 25. Qc4 Re8 26. Nc5 Kg6 27. fxg4 Qxg4 28.
Qxc2+ Kg7 29. Qf2 Qf5 30. Nxe6+ Kg6 31. Qxf5+ 1-0

[Event "V Torneo A Primavera Vomero"]
[Site "Napoli ITA"]
[Date "2008.03.27"]
[Round "1"]
[White "Di Giulio, Massimo"]
[Black "Chiummo, Sergio"]
[Result "1-0"]
[WhiteElo "2011"]
[BlackElo "1926"]
[PlyCount "77"]
[EventDate "2008.03.27"]

1. b3 e5 2. Bb2 Nc6 3. e3 d5 4. Bb5 Bd6 5. f4 Qh4+ 6. g3 Qe7 7. Nf3 f6 8. Nc3
Be6 9. Qe2 Nh6 10. e4 dxe4 11. Nxe4 O-O 12. Bxc6 bxc6 13. fxe5 fxe5 14. Neg5
Bd5 15. c4 Bxf3 16. Nxf3 e4 17. Nd4 Qd7 18. O-O-O Rae8 19. Rhf1 Ng4 20. h3 Ne5
21. Qxe4 Nxc4 22. Qxc6 Qxc6 23. Nxc6 Nxb2 24. Kxb2 Bxg3 25. Nxa7 Rxf1 26. Rxf1
Re2 27. Kc2 Rh2 28. Nc6 h5 29. a4 Bf2 30. a5 Be3 31. Rd1 Rf2 32. Ne7+ Kf7 33.
Nd5 Ba7 34. Re1 Bb8 35. Re7+ Kf8 36. Rd7 Rf5 37. Rd8+ Kf7 38. Rxb8 Rxd5 39. b4
1-0

[Event "V Torneo A Primavera Vomero"]
[Site "Napoli ITA"]
[Date "2008.03.27"]
[Round "1"]
[White "Ficco, Corrado"]
[Black "Capozzoli, Silvio"]
[Result "1-0"]
[WhiteElo "2155"]
[BlackElo "1984"]
[PlyCount "29"]
[EventDate "2008.03.27"]

1. e4 e5 2. Nc3 Nc6 3. Bc4 Nf6 4. d3 Be7 5. f4 d6 6. Nf3 Bg4 7. h3 Bxf3 8. Qxf3
Nd4 9. Qd1 Nd7 10. O-O c6 11. Be3 b5 12. Bxf7+ Kxf7 13. fxe5+ Nf6 14. exf6 Bxf6
15. Bxd4 1-0

[Event "V Torneo A Primavera Vomero"]
[Site "Napoli ITA"]
[Date "2008.03.27"]
[Round "1"]
[White "Lombardo, Michele"]
[Black "Rosato, Luciano"]
[Result "0-1"]
[WhiteElo "1995"]
[BlackElo "2206"]
[PlyCount "66"]
[EventDate "2008.03.27"]

1. e4 c5 2. Nc3 g6 3. g3 Bg7 4. Bg2 Nc6 5. d3 d6 6. Be3 Nf6 7. h3 O-O 8. Nge2
Qb6 9. Rb1 e5 10. Qd2 Nd4 11. f4 Nh5 12. g4 Nxe2 13. Nd5 Qd8 14. gxh5 Nxf4 15.
Nxf4 exf4 16. Bxf4 Qh4+ 17. Qf2 Qxf2+ 18. Kxf2 Be5 19. Bh6 Re8 20. hxg6 hxg6
21. h4 Be6 22. c4 Kh7 23. Be3 Kg7 24. h5 Rh8 25. hxg6 fxg6 26. b4 Raf8+ 27. Ke2
Bg4+ 28. Kd2 Rxh1 29. Bxh1 Rh8 30. Rg1 Rh2+ 31. Kc1 Be2 32. bxc5 Bxd3 33. cxd6
Bb2+ 0-1

[Event "V Torneo A Primavera Vomero"]
[Site "Napoli ITA"]
[Date "2008.03.27"]
[Round "1"]
[White "Schiappoli, Dario"]
[Black "Supino, Domenico"]
[Result "0-1"]
[WhiteElo "1931"]
[BlackElo "2053"]
[PlyCount "70"]
[EventDate "2008.03.27"]

1. e4 c5 2. Nf3 e6 3. d4 cxd4 4. Nxd4 Nf6 5. Nc3 Nc6 6. Bc4 Nxe4 7. Nxe4 d5 8.
Nxc6 bxc6 9. Qf3 dxe4 10. Qxe4 Qb6 11. O-O Bc5 12. b4 Bd4 13. c3 Bxc3 14. Be3
Qb7 15. Rac1 f5 16. Qf3 Bf6 17. b5 Bd7 18. Bc5 g6 19. Rfd1 Rd8 20. g4 Kf7 21.
gxf5 gxf5 22. Qh5+ Kg7 23. Rd3 Rhg8 24. Qf3 Qc8 25. b6 Kh8+ 26. Kf1 axb6 27.
Bxb6 Rde8 28. Rcd1 Re7 29. Bc5 Reg7 30. Ke2 Be8 31. Re3 Bf7 32. Rd6 Rg5 33.
Rxc6 Bh5 34. Rxc8 Bxf3+ 35. Kxf3 Rxc8 0-1

[Event "V Torneo A Primavera Vomero"]
[Site "Napoli ITA"]
[Date "2008.04.03"]
[Round "2"]
[White "Caiazzo, Diego"]
[Black "Lombardo, Michele"]
[Result "1-0"]
[WhiteElo "2060"]
[BlackElo "1995"]
[PlyCount "81"]
[EventDate "2008.03.27"]

1. d4 g6 2. Nf3 Bg7 3. e4 c6 4. c3 d5 5. Nbd2 Bg4 6. h3 Bxf3 7. Qxf3 e6 8. Bd3
Ne7 9. O-O O-O 10. Re1 Nd7 11. Qe2 c5 12. dxc5 Nxc5 13. Bc2 Rc8 14. exd5 Nxd5
15. Ne4 Qc7 16. Nxc5 Qxc5 17. Bd2 Rfd8 18. Red1 Rd6 19. Bb3 Rcd8 20. Bxd5 Qxd5
21. Kf1 Bh6 22. f4 Qf5 23. Be3 Bxf4 24. Bxf4 Qxf4+ 25. Kg1 Rd2 26. Qe1 Qd6 27.
Rxd2 Qxd2 28. Qxd2 Rxd2 29. b3 e5 30. c4 e4 31. Kf1 f5 32. c5 Kf7 33. b4 Ke6
34. a3 Kd5 35. Rc1 Rd3 36. Ra1 Kc4 37. Rc1+ Kb5 38. Ra1 Ka4 39. Ke2 Rxa3 40.
Rxa3+ Kxa3 41. b5 1-0

[Event "V Torneo A Primavera Vomero"]
[Site "Napoli ITA"]
[Date "2008.04.03"]
[Round "2"]
[White "Cosenza, Gianni"]
[Black "De Rosa, Francesco"]
[Result "1/2-1/2"]
[WhiteElo "2018"]
[BlackElo "1935"]
[PlyCount "68"]
[EventDate "2008.03.27"]

1. e4 c5 2. Nf3 d6 3. d4 cxd4 4. Nxd4 Nf6 5. Nc3 Nc6 6. Be2 e6 7. O-O Be7 8.
Be3 O-O 9. f4 a6 10. a4 Qc7 11. Nb3 b6 12. Qe1 Bb7 13. Qf2 Nd7 14. Bf3 Rad8 15.
Rad1 Bf6 16. Qd2 Nc5 17. Nd4 Na5 18. b3 Rc8 19. Ncb5 axb5 20. Nxb5 Qb8 21. Nxd6
Rcd8 22. e5 Bxf3 23. gxf3 Be7 24. Bxc5 Nxb3 25. cxb3 bxc5 26. Qe3 Qb4 27. Nc4
Rd4 28. Rxd4 cxd4 29. Qd3 Rb8 30. Rb1 Bc5 31. Kf1 g6 32. Ke2 h5 33. Nd2 Qa3 34.
Nc4 Qb4 1/2-1/2

[Event "V Torneo A Primavera Vomero"]
[Site "Napoli ITA"]
[Date "2008.04.03"]
[Round "2"]
[White "Della Ragione, Achille"]
[Black "Iodice, Fabio"]
[Result "1-0"]
[WhiteElo "1996"]
[BlackElo "1975"]
[PlyCount "73"]
[EventDate "2008.03.27"]

1. c4 Nf6 2. Nc3 e6 3. Nf3 b6 4. e3 Bb7 5. Be2 Be7 6. d4 d5 7. O-O dxc4 8. Bxc4
O-O 9. a3 a5 10. b3 Nbd7 11. Bb2 c5 12. d5 exd5 13. Nxd5 Nxd5 14. Bxd5 Bxd5 15.
Qxd5 Bf6 16. Bxf6 Nxf6 17. Qc6 Rc8 18. Qb5 Qc7 19. Rfd1 Rfd8 20. Kf1 Rxd1+ 21.
Rxd1 Rd8 22. Rd3 Rxd3 23. Qxd3 Qd7 24. Ke2 Kf8 25. Qxd7 Nxd7 26. Kd3 Ke7 27.
Kc4 f6 28. Kb5 Kd6 29. Nd2 g6 30. Nc4+ Kc7 31. f3 f5 32. e4 fxe4 33. fxe4 Nf6
34. e5 Nd5 35. g3 a4 36. Nd2 axb3 37. Nxb3 {...} 1-0

[Event "V Torneo A Primavera Vomero"]
[Site "Napoli ITA"]
[Date "2008.04.03"]
[Round "2"]
[White "Longobardi, Giuseppe"]
[Black "Gallo, Thomas Renato"]
[Result "1/2-1/2"]
[WhiteElo "1976"]
[BlackElo "1885"]
[PlyCount "75"]
[EventDate "2008.03.27"]

1. c4 Nf6 2. d4 d6 3. Nc3 g6 4. g3 Bg7 5. Bg2 O-O 6. Nf3 Nbd7 7. O-O c6 8. h3
e5 9. dxe5 Nxe5 10. Nxe5 dxe5 11. Qc2 Be6 12. b3 Qc7 13. Be3 Nd7 14. Ne4 b6 15.
Rad1 Rad8 16. Qc1 Nf6 17. Bg5 Rxd1 18. Rxd1 Nxe4 19. Bxe4 Bxh3 20. Kh2 Be6 21.
Rh1 f5 22. Bg2 f4 23. gxf4 exf4 24. Kg1 Rf5 25. Bh6 Bxh6 26. Rxh6 Kg7 27. Rh1
c5 28. Kf1 Qe5 29. Bf3 Rf7 30. Bc6 Bc8 31. Bd5 Rd7 32. Qc2 Bb7 33. Bxb7 Rxb7
34. Qd2 Re7 35. Rh3 Qe4 36. Qc3+ Qe5 37. Qc2 Qe4 38. Qc3+ 1/2-1/2

[Event "V Torneo A Primavera Vomero"]
[Site "Napoli ITA"]
[Date "2008.04.03"]
[Round "2"]
[White "Pinto, Gaetano"]
[Black "Schiappoli, Dario"]
[Result "1-0"]
[WhiteElo "2061"]
[BlackElo "1931"]
[PlyCount "57"]
[EventDate "2008.03.27"]

1. d4 Nf6 2. Nf3 c5 3. c3 b6 4. Bf4 Nh5 5. Bc1 Bb7 6. Nbd2 Nf6 7. e3 e6 8. Bd3
d5 9. O-O Nbd7 10. Qe2 Ne4 11. Ne5 a6 12. f3 Nef6 13. e4 cxd4 14. cxd4 Nxe5 15.
dxe5 dxe4 16. Nxe4 Qd4+ 17. Be3 Qxe5 18. Nxf6+ Qxf6 19. Bxb6 Bd6 20. Rad1 Qe7
21. Bb1 g6 22. Kh1 O-O 23. Be4 Bxe4 24. Qxe4 Rab8 25. Bd4 Rb5 26. Bc3 Rh5 27.
h3 Rc8 28. Rfe1 Bb8 29. Qd4 $139 1-0

[Event "V Torneo A Primavera Vomero"]
[Site "Napoli ITA"]
[Date "2008.04.03"]
[Round "2"]
[White "Ricci, Giuseppe"]
[Black "Ficco, Corrado"]
[Result "0-1"]
[WhiteElo "1935"]
[BlackElo "2155"]
[PlyCount "120"]
[EventDate "2008.03.27"]

1. e4 c5 2. Nf3 Nc6 3. d4 cxd4 4. Nxd4 Nf6 5. Nc3 e6 6. Be3 Bb4 7. Bd3 d5 8. f3
e5 9. Nxc6 bxc6 10. a3 Ba5 11. b4 d4 12. Bf2 O-O 13. Na4 Bc7 14. O-O a5 15. Qe2
axb4 16. axb4 Bd6 17. Rfb1 Qe7 18. b5 cxb5 19. Bxb5 Bd7 20. c4 dxc3 21. Nxc3
Bc5 22. Bxd7 Bxf2+ 23. Qxf2 Qxd7 24. Rxa8 Rxa8 25. Qb6 h6 26. Rd1 Qc8 27. Nd5
Nxd5 28. exd5 Qc2 29. Qb1 Qc5+ 30. Kf1 Qc4+ 31. Qd3 Qxd3+ 32. Rxd3 Kf8 33. h4
Ke7 34. Kf2 Kd6 35. Rb3 Kxd5 36. Rb7 Ke6 37. Rb6+ Ke7 38. Rb7+ Kf8 39. g4 Rd8
40. Ke3 Rd1 41. h5 Re1+ 42. Kf2 Rc1 43. Ke3 Ke8 44. Ke4 Re1+ 45. Kd3 Kf8 46.
Ra7 Rd1+ 47. Ke4 Re1+ 48. Kd3 Ke8 49. Rb7 Kf8 50. Ra7 Rd1+ 51. Ke4 f6 52. Rb7
Rd8 53. Kf5 Rd3 54. Ke4 Ra3 55. Rc7 Kg8 56. Rb7 Kh7 57. Rc7 Ra4+ 58. Ke3 Rd4
59. Re7 Kg8 60. Ke2 60... Kf8 {...} 0-1

[Event "V Torneo A Primavera Vomero"]
[Site "Napoli ITA"]
[Date "2008.04.03"]
[Round "2"]
[White "Rosato, Luciano"]
[Black "Di Giulio, Massimo"]
[Result "1-0"]
[WhiteElo "2206"]
[BlackElo "2011"]
[PlyCount "99"]
[EventDate "2008.03.27"]

1. d4 Nf6 2. c4 g6 3. Nc3 Bg7 4. e4 d6 5. Nf3 O-O 6. Be2 e5 7. O-O Nc6 8. d5
Ne7 9. Ne1 Ne8 10. Be3 f5 11. f3 f4 12. Bf2 g5 13. c5 h5 14. a4 Nf6 15. cxd6
cxd6 16. Rc1 Bd7 17. Nb5 Bxb5 18. axb5 Rf7 19. Nc2 Nc8 20. Na3 Nb6 21. Nc4 Nxc4
22. Rxc4 Rc7 23. Qa4 Rxc4 24. Qxc4 Rc8 25. Qa4 Nd7 26. Ra1 Qc7 27. Qxa7 Qc2 28.
Qxb7 Rc7 29. Qa8+ Kh7 30. Bf1 Qxb2 31. Qa2 Qc3 32. b6 Rb7 33. Qa3 Qxa3 34. Rxa3
Nc5 35. Bxc5 dxc5 36. Rb3 Kg8 37. Ba6 Rb8 38. Kf1 Bf8 39. Ke2 Bd6 40. b7 Kf8
41. Rb6 Ke7 42. Rc6 Rd8 43. Kd3 g4 44. Rc8 gxf3 45. gxf3 Kd7 46. Kc4 Ke7 47.
Kb5 h4 48. Kc6 Bb8 49. Rxb8 Rd6+ 50. Kxc5 1-0